| 000 | 00431nam a22001577a 4500 | ||
|---|---|---|---|
| 005 | 20250319171249.0 | ||
| 008 | 250319b |||||||| |||| 00| 0 eng d | ||
| 020 | _a9781861525222 | ||
| 050 |
_aHD69 _b.P75 CAR |
||
| 100 | _aCarruthers, Michael | ||
| 245 | _aPrinciples of management for quality projects | ||
| 260 |
_aLondon _bITP Publishing Company _cc1999 |
||
| 300 | _aix, 225p | ||
| 500 | _aincludes index | ||
| 942 |
_2lcc _cBK _n0 |
||
| 999 |
_c4973 _d4973 |
||